| 000 | 00361 a2200157 4500 | ||
|---|---|---|---|
| 001 | 49321 | ||
| 020 | _a8516031640 | ||
| 040 | _cAnchieta - Bela Vista | ||
| 100 | _aQueirós, Bartolomeu Campos | ||
| 240 | 1 | 0 |
_aOnde tem bruxa tem fada _lpor |
| 245 | 1 | 0 | _aOnde tem bruxa tem fada |
| 300 | _a29 | ||
| 362 | 0 | _a2002 | |
| 650 | 4 | _aLiteratura juvenil | |
| 942 | _cBK | ||
| 999 |
_c49321 _d49321 |
||